000 00936nam a2200265 i 4500
001 18592
003 ES-MaACL
005 20260121063016.0
007 t|
008 011030s2001 sp ||||1| spa d
020 _a84-8191-394-4
080 _a821.161.1-14"19"
100 _aNabokov, Vladimir
_9239142
245 1 0 _aPoemas desde el exilio /
_cVladimir Nabokov ; traducción directa del ruso e introducción, Macarena Carvajal Lloréns ; con la colaboración de Tatiana Gritzai Bielova.
250 _a1ª ed.
260 _aMadrid :
_bPre-Textos,
_c2001.
300 _a195 p. ;
_c22 cm.
490 1 _aColección La cruz del sur ;
_v509
500 _aTexto original y traducción al español.
700 1 _aCarvajal Lloréns, Macarena.
_935941
700 1 _aGritzai Bielova, Tatiana.
_960095
830 0 _aColección La cruz del sur ;
_v509
_9178835
852 _aES-MaACL
_jL-25152
_bR.130648
999 _c18592
_d18592